Statistics for Name the Saint

Click here to take the quiz!

General Stats

  • This quiz has been taken 19,698 times
  • The average score is 14 of 22

Answer Stats

DescriptionSaint% Correct
Mother of JesusSt. Mary
97%
Patron saint of IrelandSt. Patrick
93%
Step-father of JesusSt. Joseph
91%
Baptized JesusSt. John the Baptist
89%
Died on February 14St. Valentine
87%
The first popeSt. Peter
84%
Greatest missionary in the years
just after Jesus's death
St. Paul
78%
She battled the English
in the Hundred Years' War
St. Joan of Arc
77%
ArchangelSt. Gabriel
72%
ArchangelSt. Michael
72%
Slayer of a dragonSt. George
63%
Italian friar who founded an
order of poor monks
St. Francis
of Assisi
62%
Known for his secret gift-givingSt. Nicholas
59%
His remains may lie under the
Venice church that bears his name
St. Mark
55%
Patron saint of ScotlandSt. Andrew
52%
13th century theologian St. Thomas Aquinas
50%
Patron saint of lost causes;
apostle of Jesus
St. Jude
40%
19th century French nun
called "The Little Flower"
St. Thérèse
of Lisieux
36%
The maternal grandmother of JesusSt. Anne
33%
African bishop
who wrote "Confessions"
St. Augustine
of Hippo
28%
ArchangelSt. Raphael
26%
Founder of the JesuitsSt. Ignatius
24%

Score Distribution

Percentile by Number Answered

Percent of People with Each Score

Your Score History

You have not taken this quiz